[Event "Mittelrhein Verbandsliga West 1920"]
[Site "Mittelrhein"]
[Date "2019.12.08"]
[Round "4.1"]
[White "Seibt, Friedebert"]
[Black "Souren, Juergen"]
[Result "0-1"]
[WhiteElo "2019"]
[BlackElo "2133"]
[PlyCount "82"]
[EventDate "2019.09.29"]
[EventType "team-tourn"]
[EventRounds "9"]
[EventCountry "GER"]
[SourceTitle "EXT 2023"]
[Source "ChessBase"]
[SourceDate "2022.10.05"]
[SourceVersion "1"]
[SourceVersionDate "2022.10.05"]
[SourceQuality "1"]
[WhiteTeam "Kalterherberg"]
[BlackTeam "Eilendorf Arminia"]
[WhiteTeamCountry "GER"]
[BlackTeamCountry "GER"]

1. d4 g6 2. e4 Bg7 3. c3 d6 4. Nf3 Nf6 5. Nbd2 0-0 6. Be2 Nc6 7. 0-0 e5 8. dxe5 dxe5 9. Qc2 Nh5 10. Rd1 Nf4 11. Bf1 Qf6 12. b3 Bg4 13. g3 Nh3+ 14. Kg2 Rfd8 15. Be2 Ng5 16. h4 Rxd2 17. hxg5 Qxf3+ 18. Bxf3 Bxf3+ 19. Kxf3 Rxc2 20. Bd2 Rd8 21. Be1 Kf8 22. Rd5 Ke8 23. a4 Ne7 24. Rb5 Rd3+ 25. Kg2 b6 26. a5 Kd7 27. axb6 axb6 28. Rb4 h6 29. Rc4 Nc8 30. gxh6 Bxh6 31. Rca4 Rc1 32. Kf1 Rdxc3 33. Rxc1 Rxc1 34. Ke2 Nd6 35. Ra2 Nxe4 36. f3 Nc3+ 37. Bxc3 Rxc3 38. Rb2 Bf8 39. g4 Bc5 40. b4 Bd4 41. Rd2 Re3+ 0-1

[Event "Mittelrhein Verbandsliga-W 16/17"]
[Site "Nordrheinwestfalen"]
[Date "2016.09.11"]
[Round "1.1"]
[White "Meirick, Ingo"]
[Black "Souren, Juergen"]
[Result "1/2-1/2"]
[WhiteElo "2148"]
[BlackElo "2174"]
[PlyCount "27"]
[EventDate "2016.09.11"]
[EventType "team-tourn"]
[EventRounds "11"]
[EventCountry "GER"]
[SourceTitle "EXT 2022"]
[Source "ChessBase"]
[SourceDate "2021.10.06"]
[SourceVersion "1"]
[SourceVersionDate "2021.10.06"]
[SourceQuality "1"]
[WhiteTeam "Herzogenrath"]
[BlackTeam "Eilendorf Arminia"]
[WhiteTeamCountry "GER"]
[BlackTeamCountry "GER"]

1. d4 d6 2. Nf3 g6 3. g3 Bg7 4. Bg2 f5 5. 0-0 Nf6 6. Nbd2 Nc6 7. Re1 0-0 8. e4 fxe4 9. Nxe4 Nxe4 10. Rxe4 Bf5 11. Re1 e5 12. dxe5 dxe5 13. Qxd8 Rfxd8 14. Bg5 1/2-1/2

[Event "Mittelrhein Verbandsliga-W 15/16"]
[Site "Nordrheinwestfalen"]
[Date "2016.04.10"]
[Round "10.1"]
[White "Souren, Juergen"]
[Black "Schiffer, Stefan"]
[Result "1/2-1/2"]
[WhiteElo "2166"]
[BlackElo "2168"]
[PlyCount "99"]
[EventDate "2015.09.06"]
[EventType "team-tourn"]
[EventRounds "11"]
[EventCountry "GER"]
[SourceTitle "EXT 2022"]
[Source "ChessBase"]
[SourceDate "2021.10.06"]
[SourceVersion "1"]
[SourceVersionDate "2021.10.06"]
[SourceQuality "1"]
[WhiteTeam "Eilendorf Arminia"]
[BlackTeam "Lendersdorf"]
[WhiteTeamCountry "GER"]
[BlackTeamCountry "GER"]

1. Nf3 Nf6 2. c4 b6 3. g3 Bb7 4. Bg2 e6 5. 0-0 c6 6. b3 d5 7. Bb2 Nbd7 8. d3 c5 9. Nbd2 Be7 10. cxd5 exd5 11. Nh4 0-0 12. Nf5 Re8 13. Nxe7+ Qxe7 14. e3 Ne5 15. Nf3 Nfd7 16. Nxe5 Nxe5 17. d4 Nd7 18. dxc5 Nxc5 19. Qd4 Ne6 20. Qa4 Red8 21. Rfd1 d4 22. Ba3 Qc7 23. Rac1 Qb8 24. exd4 Bxg2 25. Kxg2 Qb7+ 26. Qc6 Qxc6+ 27. Rxc6 Rxd4 28. Rxd4 Nxd4 29. Rc4 Ne6 30. Bc1 Rd8 31. Be3 f5 32. h4 Kf7 33. Kf3 Rd7 34. Ke2 g6 35. a4 Nc7 36. a5 bxa5 37. Rc5 Nd5 38. Rxa5 Nxe3 39. Kxe3 Ke6 40. Kf4 Kf6 41. Ra6+ Kf7 42. h5 gxh5 43. Kg5 Rb7 44. b4 Rxb4 45. Rxa7+ Ke6 46. Kxh5 f4 47. Rxh7 fxg3 48. fxg3 Kf6 49. Ra7 Rb1 50. Rc7 1/2-1/2

[Event "Mittelrhein Verbandsliga-W 15/16"]
[Site "Nordrheinwestfalen"]
[Date "2015.09.27"]
[Round "2.1"]
[White "Meirick, Ingo"]
[Black "Souren, Juergen"]
[Result "1/2-1/2"]
[WhiteElo "2154"]
[BlackElo "2166"]
[PlyCount "30"]
[EventDate "2015.09.06"]
[EventType "team-tourn"]
[EventRounds "11"]
[EventCountry "GER"]
[SourceTitle "EXT 2022"]
[Source "ChessBase"]
[SourceDate "2021.10.06"]
[SourceVersion "1"]
[SourceVersionDate "2021.10.06"]
[SourceQuality "1"]
[WhiteTeam "Herzogenrath"]
[BlackTeam "Eilendorf Arminia"]
[WhiteTeamCountry "GER"]
[BlackTeamCountry "GER"]

1. d4 d6 2. g3 g6 3. Bg2 Bg7 4. Nf3 f5 5. 0-0 Nf6 6. c4 0-0 7. Nc3 c6 8. d5 e5 9. dxe6 Bxe6 10. Qd3 Ng4 11. Ng5 Bc8 12. Rd1 Ne5 13. Qc2 Qe7 14. b3 h6 15. Nf3 Na6 1/2-1/2

[Event "Mittelrhein Verbandsliga-W 1112"]
[Site "Germany"]
[Date "2011.09.18"]
[Round "1.1"]
[White "Buscher, Michael"]
[Black "Souren, Juergen"]
[Result "1-0"]
[WhiteElo "2317"]
[BlackElo "2134"]
[PlyCount "71"]
[EventDate "2011.09.18"]
[EventType "team-tourn"]
[EventRounds "11"]
[EventCountry "GER"]
[SourceTitle "EXT 2013"]
[Source "ChessBase"]
[SourceDate "2012.11.22"]
[SourceVersion "1"]
[SourceVersionDate "2012.11.22"]
[SourceQuality "1"]
[WhiteTeam "Aachen Aufwaerts II"]
[BlackTeam "Arminia Eilendorf"]
[WhiteTeamCountry "GER"]
[BlackTeamCountry "GER"]

1. d4 d6 2. g3 g6 3. Bg2 Bg7 4. Nf3 f5 5. 0-0 Nf6 6. Nbd2 0-0 7. Re1 Nh5 8. c3 Nc6 9. Qb3+ d5 10. Ne5 Nxe5 11. dxe5 c6 12. f4 g5 13. e3 g4 14. c4 e6 15. cxd5 exd5 16. e4 fxe4 17. Nxe4 Qe7 18. Nd6 Bh6 19. Nxc8 Raxc8 20. Qd1 Qe6 21. Bf1 Rc7 22. Bd3 Bxf4 23. Bxf4 Nxf4 24. gxf4 Rxf4 25. Qe2 Rcf7 26. Rf1 Rf3 27. Rae1 c5 28. Bb1 c4 29. Rxf3 gxf3 30. Qf2 d4 31. Be4 d3 32. Kh1 d2 33. Rg1+ Kh8 34. Qxd2 Rd7 35. Qf4 Rf7 36. Qg3 1-0